| 000 | 00847nam a22002055i 4500 | ||
|---|---|---|---|
| 001 | 163532 | ||
| 003 | ES-MaACL | ||
| 005 | 20250816233153.0 | ||
| 008 | 990325s1835 sp |||| | spa d | ||
| 040 |
_aCCPB | B _bspa _cCCPB | B |
||
| 100 | 1 |
_aRigual, José. _9131822 |
|
| 245 | 1 | 0 |
_aPraeparatio ad missam, et gratiarum actio _b: cui accedunt rubricae Missalis, ipsarumque significationes, nec non ea, quae omittenda sunt in Missis pro Defunctis, & de Tempore ... Ex Sacra Scriptura, Missali, Selectis Auctoribus transcripta / _cA Doctore D. Josepho Rigual. |
| 260 |
_aMatriti : _bEx Typographia Regia, _c1835. |
||
| 300 |
_a118 p. ; _c15 cm. |
||
| 597 | 1 | _aSignaturizado. | |
| 650 | 7 |
_aRitos y ceremonias _2embne _916917 |
|
| 752 |
_aEspaña - _dMadrid |
||
| 852 |
_aES-MaACL _jF-2191 _z-- Enc. pasta |
||
| 999 |
_c163532 _d163532 |
||